| 000 | 00857nam a22002537a 4500 | ||
|---|---|---|---|
| 005 | 20250522121120.0 | ||
| 008 | 250522b |||||||| |||| 00| 0 eng d | ||
| 020 | _a978-1-5261-6872-6 (hbk) | ||
| 037 | _cTB | ||
| 040 |
_aCRL _cCRL |
||
| 041 |
_2eng _aeng |
||
| 084 |
_aV2y7M91 R4 _qCRL |
||
| 100 |
_aChairez-Garza, Jesus F. _9752136 |
||
| 245 |
_aRethinking untouchability: _bThe political thought of B. R. Ambedkar |
||
| 260 |
_aManchester, UK: _bManchester University Press, _c2024. |
||
| 300 | _axi, 241p. | ||
| 365 |
_b85.00 _cUKP |
||
| 490 | _aRacism, resistance and social change | ||
| 650 | _aHistory | ||
| 650 | _aB. R. Ambedkar | ||
| 650 |
_aCaste - India _9582695 |
||
| 942 |
_2CC _cTB _hV2y7M91 R4 _n0 |
||
| 999 |
_c1430891 _d1430891 |
||